| 000 | 00367cam a22001097a 4500 | ||
|---|---|---|---|
| 008 | 180718b1976 xxu||||| |||| 00| 0 eng d | ||
| 082 | _aB136x5444 K147 | ||
| 100 | _aPttaswamaiah, K. | ||
| 245 |
_aStudy on the effectiveness of the fuctions of Gramsevaks in Karnataka _cby K. Puttaswamaiah |
||
| 260 |
_aBangalore _bKarnataka Government Secretariat _c1976 |
||
| 300 | _a33p. | ||
| 999 |
_c489020 _d489020 |
||